00637nam a2200181 a 450000100100000000500170001000800410002702000150006804000250008324500800010826000450018830000240023350400280025770000390028504900090032495201050033399900170043800003637420200930075709.0120116s1985 es 000 0 spa d a8476051697 aDO-SdBNPbspacBNPHU00aClinicas quirurgicas de norteamerica /ctraducción José Rafael Blengio. aMadrid :bEmalsabInteramericana,c1985. av. :bil. ;c23 cm. aBibliografía : p. 15112aBlengio, José Rafaeletr.949490 aBNPD 001050718MOaGRbGRcCTd2012-01-16iLF1l0o p36375-10r2020-06-25w2020-06-25y1ZNo se presta c35865d35865